| Поле | Название | Значение |
| |
Тип записи |
a |
| |
Библиографический уровень |
m |
| 001 |
Контрольный номер |
RU/УОНБ/EK_N/605876142 |
| 005 |
Дата корректировки |
20251120120524.3 |
| 010 |
Индекс ISBN |
__ |
| 9 |
Тираж |
11000 экз. |
| 013 |
Номер (ISMN) |
__ |
| d |
Цена |
55 к. |
| 071 |
Издательские номер (звукозапись и ноты) |
21 |
| a |
Номер, присвоенный агентством |
7557 |
| 100 |
Данные общей обработки |
__ |
| a |
Данные общей обработки |
20190314d1986 u y0rusy0189||||ca |
| 101 |
Язык документа |
0_ |
| a |
Язык текста |
rus |
| f |
Язык титульного листа |
rus |
| 102 |
Страна публикации |
__ |
| a |
Страна публикации |
RU |
| 105 |
Кодированные данные (монография) |
__ |
| a |
Кодированные данные (монография) |
y###||||000|y |
| 125 |
Кодированные данные звукозаписи и нотных изданий |
__ |
| a |
Форма изложения нотного текста |
с| |
| 128 |
Кодированные данные (звукозаписи-физические характеристики) |
__ |
| a |
Кодированные данные: Музыкальная форма и тональность или лад |
fm |
| c |
Инструменты или голоса, рекомендуемые для солистов (устаревшее) |
kt|| |
| 200 |
Заглавие и сведения об ответственности |
1_ |
| a |
Заглавие |
Вып. 21 |
| b |
Общее обозначение материала |
Ноты |
| f |
Первые сведения об ответственности |
сост. Ю. Наймушин |
| 210 |
Выходные данные |
1_ |
| d |
Дата издания |
1986 |
| 215 |
Физическое описание |
__ |
| a |
Объем |
35 с. |
| 327 |
Примечание о содержании |
__ |
| a |
Примечание о содержании |
Содерж. : Прялица : рус. нар. песня / обраб. А. Абрамского. - Я вдоль реченьки пойду : рус. нар. песня / обраб. В. Голикова. - Сама садик я садила : рус. нар. песня / обраб. А. Рослова. - Ивушка : рус. нар. песня / обраб. Г. Левкодимова. - У меня есть дружок тайный : рус. нар. песня / обраб. И. Обликина. - Кукушка : эст. нар. песня / обраб. В. Евдокимова. - Красная роза : арм. нар. песня / обраб. В. Шибаева. - Беш-ыргай : кирг. нар. танец / обраб. В. Агеева. - Две немецкие народные песни : Я видел ночью тяжкий сон... ; Если бы я мог стать птичкой / обраб. Ю. Шишакова. - Мой муженька работешенька : рус. нар. песня ; Ой, дiвчино-горлиця : укр. нар. песня / обраб. В. Грачева. - Кочережка-дуда : рус. нар. песня ; Свадебное веселье : эст. нар. песня / обраб. В. Егорова. - Виноград в саду цветет : рус. нар. песня ; Ой знати, знати : укр. нар. песня / обраб. С. Павина. - По дороге жук, жук : укр. нар. песня ; Марош : венг. нар. песня / обраб. Ю. Наймушина. - Такой дуб : укр. нар. песня ; Три друга : эст. нар. песня / обраб. В. Бухвостова. - Мчатся кони : груз. нар. песня ; Соловей : марий. нар. песня ; Весело девушке-девице : словац. нар. танец / обраб. Т. Томкевича. |
| 461 |
Уровень набора |
_0 |
| 1 |
|
001RU/УОНБ/EK_N/604769480 |
| 1 |
|
200 |
| a |
|
Народные песни и танцы |
| b |
|
Ноты |
| e |
|
в обраб. для баяна |
| v |
|
Вып. 21 |
| 1 |
|
210 |
| a |
|
М. |
| c |
|
Советский композитор |
| d |
|
1974 - |
| 464 |
Аналитический уровень |
_0 |
| 1 |
|
2001 |
| a |
|
Прялица |
| e |
|
рус. нар. песня |
| 464 |
Аналитический уровень |
_0 |
| 1 |
|
2001 |
| a |
|
Я вдоль реченьки пойду |
| e |
|
рус. нар. песня |
| 464 |
Аналитический уровень |
_0 |
| 1 |
|
2001 |
| a |
|
Сама садик я садила |
| e |
|
рус. нар. песня |
| 464 |
Аналитический уровень |
_0 |
| 1 |
|
2001 |
| a |
|
Ивушка |
| e |
|
рус. нар. песня |
| 464 |
Аналитический уровень |
_0 |
| 1 |
|
2001 |
| a |
|
У меня есть дружок тайный |
| e |
|
рус. нар. песня |
| 464 |
Аналитический уровень |
_0 |
| 1 |
|
2001 |
| a |
|
Кукушка |
| e |
|
эст. нар. песня |
| 464 |
Аналитический уровень |
_0 |
| 1 |
|
2001 |
| a |
|
Красная роза |
| e |
|
арм. нар. песня |
| 464 |
Аналитический уровень |
_0 |
| 1 |
|
2001 |
| a |
|
Беш-ыргай |
| e |
|
кирг. нар. танец |
| 464 |
Аналитический уровень |
_0 |
| 1 |
|
2001 |
| a |
|
Я видел ночью тяжкий сон... |
| e |
|
нем. нар. песня |
| 464 |
Аналитический уровень |
_0 |
| 1 |
|
2001 |
| a |
|
Мой муженька работешенька |
| e |
|
рус. нар. песня |
| 464 |
Аналитический уровень |
_0 |
| 1 |
|
2001 |
| a |
|
Кочережка-дуда |
| e |
|
рус. нар. песня |
| 464 |
Аналитический уровень |
_0 |
| 1 |
|
2001 |
| a |
|
Виноград в саду цветет |
| e |
|
рус. нар. песня |
| 464 |
Аналитический уровень |
_0 |
| 1 |
|
2001 |
| a |
|
По дороге жук, жук |
| e |
|
укр. нар. песня |
| 464 |
Аналитический уровень |
_0 |
| 1 |
|
2001 |
| a |
|
Такой дуб |
| e |
|
укр. нар. песня |
| 464 |
Аналитический уровень |
_0 |
| 1 |
|
2001 |
| a |
|
Мчатся кони |
| e |
|
груз. нар. песня |
| 464 |
Аналитический уровень |
_0 |
| 1 |
|
2001 |
| a |
|
Ой, дiвчино-горлиця |
| e |
|
укр. нар. песня |
| 464 |
Аналитический уровень |
_0 |
| 1 |
|
2001 |
| a |
|
Свадебное веселье |
| e |
|
эст. нар. песня |
| 464 |
Аналитический уровень |
_0 |
| 1 |
|
2001 |
| a |
|
Ой знати, знати |
| e |
|
укр. нар. песня |
| 464 |
Аналитический уровень |
_0 |
| 1 |
|
2001 |
| a |
|
Марош |
| e |
|
венг. нар. песня |
| 464 |
Аналитический уровень |
_0 |
| 1 |
|
2001 |
| a |
|
Три друга |
| e |
|
эст. нар. песня |
| 464 |
Аналитический уровень |
_0 |
| 1 |
|
2001 |
| a |
|
Соловей |
| e |
|
марий. нар. песня |
| 464 |
Аналитический уровень |
_0 |
| 1 |
|
2001 |
| a |
|
Весело девушке-девице |
| e |
|
словац. нар. танец |
| 464 |
Аналитический уровень |
_0 |
| 1 |
|
2001 |
| a |
|
Если бы я мог стать птичкой |
| e |
|
нем. нар. песня |
| 512 |
Заглавие обложки |
1_ |
| a |
Заглавие обложки |
Народные песни и танцы |
| 606 |
Тематические рубрики |
0_ |
| a |
Основная рубрика |
Баян |
| x |
Основная подрубрика |
Народные песни и танцы |
| 610 |
Ключевые слова |
0_ |
| a |
Ключевые слова |
баян |
| 610 |
Ключевые слова |
0_ |
| a |
Ключевые слова |
народные песни |
| 610 |
Ключевые слова |
0_ |
| a |
Ключевые слова |
народные танцы |
| 686 |
Индексы других классификаций |
__ |
| a |
Классификационный индекс |
85.954.6-092я43 |
| 2 |
Код системы |
rubbk |
| 702 |
Вторичная интеллектуальная ответственность |
_1 |
| a |
Фамилия |
Наймушин |
| b |
Имя (инициалы) |
Ю. |
| 4 |
Код отношения |
220 |
| 801 |
Источник записи |
_0 |
| a |
Страна |
RU |
| b |
Организация |
Ульяновская ОНБ |
| c |
Дата составления |
20190314 |
| g |
Правила каталогизации |
RCR |
| 801 |
Источник записи |
_1 |
| a |
Страна |
RU |
| b |
Организация |
Ульяновская ОНБ |
| c |
Дата составления |
20190314 |
| g |
Правила каталогизации |
RCR |
| 901 |
Тип документа |
__ |
| t |
Тип документа |
n |
| w |
Контрольный № источника |
RU/УОНБ/EK_N/604769480 |
| 909 |
Создатель записи |
__ |
| a |
Создатель записи |
Грязнова И. Е. |
| 938 |
Служебная информация |
__ |
| a |
Имя БД |
noti |
| b |
Имя библиотеки |
УОНБ |
| c |
Имя АИБС |
МАРК-SQL |
| d |
Номер DOC_ID в БД |
20235 |